| 000 | 00849nam a2200241Ia 4500 | ||
|---|---|---|---|
| 003 | GCL | ||
| 008 | 140319s9999 xx 000 0 ara d | ||
| 040 |
_aGCL / _cGCL |
||
| 082 | 0 | 4 |
_a624.177 _bع د |
| 100 | 1 | _aعماد درويش | |
| 245 | 1 | 0 |
_aتطبيقات انشائية فى حساب الابنية / _cعماد درويش |
| 250 | _aالاولى | ||
| 260 |
_aسوريا : _bدار دمشق للنشر والتوزيع والطباعة ، _c1993 |
||
| 300 |
_a336 ص ؛ _c25 سم |
||
| 490 | _aالدليل الانشائى المبسط | ||
| 650 | 0 | 4 | _aهندسة الانشاءات |
| 650 | 0 | 4 | _aالارضيات |
| 650 | 0 | 4 | _aالمبانى - تخطيط |
| 650 | 0 | 4 | _aالمبانى - المواصفات القياسية |
| 650 | 0 | 4 | _aالسلالم - عمارة |
| 650 | 0 | 4 | _aالسقوف المنزلية |
| 942 |
_2ddc _cBK |
||
| 999 |
_c6462 _d6462 |
||